Coastal Capitals - Statistics

General Stats
  • This quiz has been taken 1,264 times
    1,257 since last reset
  • The average score is 59 of 81
Answer Stats
Sea/Ocean Capital/Country % Correct
Aegean Sea Athens, Greece
97%
North Sea Oslo, Norway
94%
Atlantic Ocean Lisbon, Portugal
93%
Baltic Sea Helsinki, Finland
92%
Pacific Ocean Tokyo, Japan
91%
Baltic Sea Copenhagen, Denmark
90%
Irish Sea Dublin, Ireland
90%
Gulf of Mexico Havana, Cuba
89%
Java Sea Jakarta, Indonesia
89%
Mediterranean Sea Tunis, Tunisia
89%
Pacific Ocean Wellington, New Zealand
87%
Caribbean Sea Port-au-Prince, Haiti
86%
Baltic Sea Riga, Latvia
86%
Mediterranean Sea Algiers, Algeria
85%
Atlantic Ocean Dakar, Senegal
85%
Caribbean Sea Kingston, Jamaica
85%
Atlantic Ocean Buenos Aires, Argentina
83%
Mediterranean Sea Tripoli, Libya
83%
Persian Gulf Doha, Qatar
82%
Gulf of Oman Muscat, Oman
82%
South China Sea Singapore, Singapore
82%
Mediterranean Sea Beirut, Lebanon
81%
Atlantic Ocean Rabat, Morocco
81%
South China Sea Manila, Philippines
80%
Pacific Ocean Panama City, Panama
80%
Persian Gulf Abu Dhabi, United Arab Emirates
79%
Pacific Ocean Lima, Peru
79%
Atlantic Ocean Montevideo, Uruguay
79%
Caribbean Sea Santo Domingo, Dominican Republic
79%
Atlantic Ocean Cape Town, South Africa
78%
Persian Gulf Kuwait City, Kuwait
78%
Atlantic Ocean Nassau, Bahamas
78%
Baltic Sea Tallinn, Estonia
77%
Atlantic Ocean Georgetown, Guyana
76%
Mediterranean Sea Monaco, Monaco
76%
Gulf of Guinea Accra, Ghana
75%
Atlantic Ocean Luanda, Angola
75%
Gulf of Paria Port of Spain, Trinidad and Tobago
75%
Persian Gulf Manama, Bahrain
74%
Coral Sea Port Moresby, Papua New Guinea
74%
Indian Ocean Mogadishu, Somalia
73%
Gulf of Aden Djibouti, Djibouti
72%
Atlantic Ocean Freetown, Sierra Leone
72%
Atlantic Ocean Reykjavík, Iceland
72%
Indian Ocean Malé, Maldives
71%
Banda Sea Dili, East Timor
70%
Atlantic Ocean Monrovia, Liberia
70%
Pacific Ocean Suva, Fiji
70%
Caribbean Sea Bridgetown, Barbados
69%
Atlantic Ocean Paramaribo, Suriname
69%
Gulf of Guinea São Tomé, São Tomé and Príncipe
69%
Mediterranean Sea Valletta, Malta
69%
Gulf of Guinea Lomé, Togo
68%
Indian Ocean Victoria, Seychelles
68%
Caribbean Sea Castries, Saint Lucia
67%
Pacific Ocean Apia, Samoa
66%
Atlantic Ocean Bissau, Guinea-Bissau
66%
Caribbean Sea Kingstown, Saint Vincent and the Grenadines
66%
Indian Ocean Maputo, Mozambique
66%
Atlantic Ocean Conakry, Guinea
65%
Indian Ocean Port Louis, Mauritius
65%
Caribbean Sea St. John's, Antigua and Barbuda
65%
Atlantic Ocean Banjul, Gambia
64%
Caribbean Sea Basseterre, Saint Kitts and Nevis
64%
Gulf of Guinea Libreville, Gabon
63%
Atlantic Ocean Praia, Cape Verde
63%
Caribbean Sea Roseau, Dominica
63%
South China Sea Bandar Seri Begawan, Brunei
62%
Solomon Sea Honiara, Solomon Islands
62%
Pacific Ocean Funafuti, Tuvalu
61%
Caribbean Sea St. George's, Grenada
61%
Pacific Ocean Port Vila, Vanuatu
60%
Pacific Ocean Nukuʻalofa, Tonga
58%
Pacific Ocean Yaren, Nauru
58%
Gulf of Guinea Malabo, Equatorial Guinea
57%
Indian Ocean Moroni, Comoros
56%
Pacific Ocean Palikir, Federated States of Micronesia
54%
Pacific Ocean Majuro, Marshall Islands
53%
Pacific Ocean Ngerulmud, Palau
53%
Pacific Ocean Tarawa, Kiribati
53%
Atlantic Ocean Nouakchott, Mauritania
52%
No matching quizzes found
Score Distribution
Percent of People with Each Score
Percentile by Number Answered
Your Score History
You have not taken this quiz since the last reset